Les records de température par continent - Statistiques

Statistiques générales
  • Ce quiz a été pris 53 fois
  • Le résultat moyen est 9 sur 12
Statistiques - réponses
C/F Continent Pays % Correct
F Amérique du Sud Argentine
96%
F Amérique du Nord Canada
96%
F Asie Russie
91%
F Afrique Maroc
87%
F Océanie Australie
83%
F Europe Russie
83%
C Amérique du Nord Etats-Unis
80%
C Océanie Australie
76%
C Europe Grèce
72%
C Amérique du Sud Argentine
63%
C Afrique Tunisie
54%
C Asie Israël
39%
Aucun quiz correspondant
Distribution des résultats
% des personnes avec chaque résultat
Percentile par nombre de réponses
Votre historique - résultats
Vous n’avez pas pris ce quiz